Zoznam poisťovní na poistnom trhu v Slovenskej republike

Poisťovne na slovenskom poistnom trhu. Členovia Slovenskej asociácie poisťovní (SAP). Prehľad poistných odvetví, poistných produktov.

Salvato in:
Dettagli Bibliografici
Natura: Capitolo di libro
Lingua:slovacco
Soggetti:
Tags: Aggiungi Tag
Nessun Tag, puoi essere il primo ad aggiungerne!!

MARC

LEADER 00000naa a2200000 4500
001 r038296
005 20230809073902.3
041 0 |a slo 
044 |a SK 
245 1 0 |a Zoznam poisťovní na poistnom trhu v Slovenskej republike 
520 |a Poisťovne na slovenskom poistnom trhu. Členovia Slovenskej asociácie poisťovní (SAP). Prehľad poistných odvetví, poistných produktov. 
610 2 0 |a poisťovne 
610 2 0 |a adresáre 
610 2 0 |a poisťovne komerčné 
610 2 0 |a trh poistný 
610 2 0 |a Slovensko 
610 2 0 |a produkty